<?xml version="1.0" encoding="UTF-8"?>
<record
    xmlns:xsi="http://www.w3.org/2001/XMLSchema-instance"
    xsi:schemaLocation="http://www.loc.gov/MARC21/slim http://www.loc.gov/standards/marcxml/schema/MARC21slim.xsd"
    xmlns="http://www.loc.gov/MARC21/slim">

  <leader>01123nam a2200277 a 4500</leader>
  <controlfield tag="001">BRL_1527</controlfield>
  <controlfield tag="005">20190320211240.0</controlfield>
  <controlfield tag="008">170214s1979----mx-#######---#010-0#spa-#</controlfield>
  <datafield tag="041" ind1=" " ind2=" ">
    <subfield code="a">spa</subfield>
  </datafield>
  <datafield tag="044" ind1=" " ind2=" ">
    <subfield code="a">mx</subfield>
  </datafield>
  <datafield tag="050" ind1=" " ind2="4">
    <subfield code="a">F1221</subfield>
    <subfield code="b">.C37 1979</subfield>
  </datafield>
  <datafield tag="100" ind1="1" ind2=" ">
    <subfield code="a">Casta&#xF1;&#xF3;n Gamboa, Fernando</subfield>
    <subfield code="d">1903-1959</subfield>
    <subfield code="9">27176</subfield>
  </datafield>
  <datafield tag="245" ind1="1" ind2="0">
    <subfield code="a">Motines ind&#xED;genas en Chiapas, 1693 Y 1722</subfield>
    <subfield code="c">Fernando Casta&#xF1;&#xF3;n Gamboa ; recopiladores Juan Jaime Manguen e Irma Montesinos.</subfield>
  </datafield>
  <datafield tag="260" ind1=" " ind2=" ">
    <subfield code="a">San Cristobal de las Casas, Chiapas</subfield>
    <subfield code="b">Editorial Fray Bartolom&#xE9; de las Casas</subfield>
    <subfield code="c">1979</subfield>
  </datafield>
  <datafield tag="300" ind1=" " ind2=" ">
    <subfield code="a">24, 15 p.</subfield>
    <subfield code="c">25 cm.</subfield>
  </datafield>
  <datafield tag="500" ind1=" " ind2=" ">
    <subfield code="a">Au1698</subfield>
  </datafield>
  <datafield tag="500" ind1=" " ind2=" ">
    <subfield code="a">Datos obtenidos del bolet&#xED;n No. 2 de documentos Hist&#xF3;ricos de Chiapas, Archivo Genral del Estado. Tuxtla Guti&#xE9;rrez, Chiapas. 1953</subfield>
  </datafield>
  <datafield tag="650" ind1="1" ind2="4">
    <subfield code="a">Ind&#xED;genas de M&#xE9;xico</subfield>
    <subfield code="x">Relaciones gubernamentales</subfield>
    <subfield code="z">Chiapas</subfield>
    <subfield code="9">27177</subfield>
  </datafield>
  <datafield tag="650" ind1="1" ind2="4">
    <subfield code="a">Rebeliones ind&#xED;genas</subfield>
    <subfield code="z">Chiapas</subfield>
    <subfield code="9">27178</subfield>
  </datafield>
  <datafield tag="650" ind1="1" ind2="4">
    <subfield code="a">Ind&#xED;genas de M&#xE9;xico</subfield>
    <subfield code="x">Insurrecci&#xF3;n</subfield>
    <subfield code="z">Chiapas</subfield>
    <subfield code="9">27179</subfield>
  </datafield>
  <datafield tag="651" ind1=" " ind2="4">
    <subfield code="a">Chiapas</subfield>
    <subfield code="x">Historia</subfield>
    <subfield code="9">27180</subfield>
  </datafield>
  <datafield tag="700" ind1="1" ind2=" ">
    <subfield code="a">Manguen, Juan Jaime</subfield>
    <subfield code="e">comp.</subfield>
    <subfield code="9">23145</subfield>
  </datafield>
  <datafield tag="700" ind1="1" ind2=" ">
    <subfield code="a">Montesinos, Irma</subfield>
    <subfield code="e">comp.</subfield>
    <subfield code="9">23146</subfield>
  </datafield>
  <datafield tag="902" ind1=" " ind2=" ">
    <subfield code="a">GRL</subfield>
  </datafield>
  <datafield tag="942" ind1=" " ind2=" ">
    <subfield code="2">lcc</subfield>
    <subfield code="c">B</subfield>
  </datafield>
  <datafield tag="999" ind1=" " ind2=" ">
    <subfield code="c">10336</subfield>
    <subfield code="d">10336</subfield>
  </datafield>
  <datafield tag="952" ind1=" " ind2=" ">
    <subfield code="0">0</subfield>
    <subfield code="1">0</subfield>
    <subfield code="4">0</subfield>
    <subfield code="7">0</subfield>
    <subfield code="a">BRL</subfield>
    <subfield code="b">BRL</subfield>
    <subfield code="d">2014-02-17</subfield>
    <subfield code="i">Au1698</subfield>
    <subfield code="l">0</subfield>
    <subfield code="o">F1221 .C37 1979 (Au1698)</subfield>
    <subfield code="p">GRL01686</subfield>
    <subfield code="r">2019-03-22 00:00:00</subfield>
    <subfield code="w">2019-03-22</subfield>
    <subfield code="y">B</subfield>
  </datafield>
</record>
